Soolking - Guérilla (Paroles) - Statistiques

Statistiques générales
  • Ce quiz a été pris 58 fois
  • Le résultat moyen est 260 sur 388
Statistiques - réponses
Couplets Paroles % Correct
a
97%
c'
97%
la
97%
97%
j'
95%
Couplet 2 : J'
95%
m'
95%
au
92%
de
92%
t'
92%
c'est
87%
le
87%
n'
87%
ou
87%
pas
87%
Refrain : Je
85%
les
85%
toujours
85%
dans
82%
Dans
82%
guérilla
82%
Guérilla
82%
Coupable
79%
nos
79%
nous
79%
se
79%
suis
79%
cette
77%
cœur
77%
comme
77%
loca
77%
me
77%
ne
77%
on
77%
qu'
77%
que
77%
un
77%
changé
74%
ils
74%
Ils
74%
mon
74%
Couplet 1 : Rien
74%
Ça
72%
chante
72%
démon
72%
et
72%
Mama
72%
mama
72%
plus
72%
vida
72%
coupables
69%
d'être
69%
local
69%
milieu
69%
moment
69%
Nelson
69%
pour
69%
Algeria
67%
autres
67%
Mandela
67%
sera
67%
trop
67%
africains
64%
chica
64%
cœurs
64%
Kadhafi
64%
leurs
64%
magnifique
64%
Parce
64%
parce
64%
souffert
64%
tu
64%
Tu
64%
l'amour
62%
Ouais
62%
têtes
62%
aimerai
59%
moi
59%
ont
59%
passe
59%
tout
59%
cherche
56%
chez
56%
écrit
56%
fils
56%
(fils
56%
pris
56%
si
56%
Si
56%
Mais
54%
même
54%
paix
54%
riches
54%
va
54%
connaissent
51%
elle
51%
vais
51%
voler
51%
devait
49%
Donc
49%
frère
49%
souffrir
49%
cherches
46%
était
46%
J'suis
46%
j'suis
46%
veulent
46%
est
44%
en
38%
y
38%
mort
33%
très
33%
des
31%
dit
31%
loin
31%
sont
31%
J'ai
28%
morts
28%
reviens
28%
presque
26%
tellement
26%
tous
26%
vérité
26%
courage
23%
histoire
23%
mots
23%
Patchi
23%
pauvres
23%
évadés
21%
notre
21%
rêvé
21%
triste
21%
regarder
18%
trou
18%
arriver
15%
barricadés
15%
bébé
15%
tarder
15%
vas
15%
weldi
15%
cherchent
13%
j'espère
13%
pute)
13%
toi
13%
dis-leur
10%
faisais
10%
J'attends
10%
Maintenant
10%
viens
10%
continue
8%
J'étais
8%
qu'ils
8%
gratter
5%
Mehlish
5%
s'ils
5%
Aucun quiz correspondant
Distribution des résultats
% des personnes avec chaque résultat
Percentile par nombre de réponses
Votre historique - résultats
Vous n’avez pas pris ce quiz